000
00228 a2200097 4500
001
48446
100
_a
Erhard, L
245
_a
Germany's comeback in the world market
260
_a
London
_b
George Allen
_c
090
_c
31382
_d
31382
942
_a
NUST-CAE
_c
M
_c
23761
999
_c
283519
_d
283519